Tottenham Hotspur managers since 2001 - Statistics

General Stats
  • This quiz has been taken 324 times
  • The average score is 6 of 11
Answer Stats
Hint Answer % Correct
2008-12 Harry Redknapp
93%
2013- Tim Sherwood
75%
2004-07 Martin Jol
74%
2007 Juande Ramos
71%
2001-03 Glenn Hoddle
63%
2012-13 André Villas-Boas
57%
2004 Jacques Santini
40%
2003 David Pleat
33%
2001 David Pleat
33%
2008 Clive Allen and Alex Inglethorpe
17%
2007 Cliven Allen and Alex Inglethorpe
17%
No matching quizzes found
Score Distribution
Percent of People with Each Score
Percentile by Number Answered
Your Score History
You have not taken this quiz